000 00386nam a2200133Ia 4500
008 151015s9999 xx 000 0 und d
050 _aQA 76. 575. S57 2000
245 _aSitaram, Dinkar
250 _a_Multimedia servers
300 _aUSA Morgan Kaufmann 2000
500 _aincludes index
650 _a_Applications, environments, and design
700 _a^d20110106 03:12:08^okoech
999 _c519
_d519